El monstruo de la guerra y el inminentechoque de Oriente y Occidente

সংরক্ষণ করুন:
গ্রন্থ-পঞ্জীর বিবরন
প্রধান লেখক: Hammerly Dupuy, Daniel
বিন্যাস: গ্রন্থ
ভাষা:স্প্যানিশ
প্রকাশিত: Buenos Aires Tor [19??]
বিষয়গুলি:
ট্যাগগুলো: ট্যাগ যুক্ত করুন
কোনো ট্যাগ নেই, প্রথমজন হিসাবে ট্যাগ করুন!

MARC

LEADER 00000nam a22000005a 4500
003 CL-ChBUA
005 20120815091458.0
008 080508s19|| ag ||||| |||| 000 ||spa
040 |a CL-ChBUA  |c CL-ChBUA 
082 0 0 |a 236 
090 |c 23107  |d 23107 
100 1 |a Hammerly Dupuy, Daniel 
245 1 0 |a El monstruo de la guerra y el inminentechoque de Oriente y Occidente 
260 |a Buenos Aires  |b Tor  |c [19??] 
300 |a 202 p.  |c 20 cm. 
504 |a Indice 
650 4 |a ESCATOLOGIA 
942 |c LIB 
952 |0 0  |1 0  |2 ddc  |4 0  |6 236_000000000000000_H_224M  |7 0  |9 56098  |a UNACH  |b UNACH  |c 200  |d 2008-05-08  |i 1.490  |l 0  |o 236 / H 224m  |p 57184  |r 2012-12-27 00:00:00  |u 56098  |w 2012-08-08  |y LIB 
999 |c 23107  |d 23107